Americký kapitalismus 1607-1800.

Uložené v:
Podrobná bibliografia
Hlavný autor: Rochester, Anna
Médium: Kniha
Jazyk:Czech
Vydané: Brno : Vydavatelství knih Rovnost, 1950.
Fyzický popis: 126 strán.
Tagy: Pridať tag
Žiadne tagy, Buďte prvý kto otaguje tento záznam!

MARC

LEADER 00000nam a22000002i 4500
001 000633713
005 20200420100550.0
008 200420s1950 xr e 000 0 cze d
020 |q (brožované) 
040 |a SVKKK  |b slo  |c SVKKK  |e rda 
100 1 |a Rochester, Anna 
245 1 0 |a Americký kapitalismus 1607-1800. 
264 1 |a Brno :  |b Vydavatelství knih Rovnost,  |c 1950. 
300 |a 126 strán. 
336 |a text  |b txt  |2 rdacontent 
337 |a bez média  |b n  |2 rdamedia 
338 |a zväzok  |b nc  |2 rdacarrier 
500 |a Záznam revízie 
910 |a svkkk 
998 |a BK 
090 |g SCKHL  |k Sklad Pribinova 2. posch.  |a III.114390  |j 589581  |i 2720679103  |s Prezenčne